Normal view
MARC view
Entry Topical Term
001 - CONTROL NUMBER
- control field: 48953
003 - CONTROL NUMBER IDENTIFIER
- control field: OSt
005 - DATE AND TIME OF LATEST TRANSACTION
- control field: 20241119105407.0
008 - FIXED-LENGTH DATA ELEMENTS
- fixed length control field: 241119|| aca||aabn | a|a d
040 ## - CATALOGING SOURCE
- Original cataloging agency: OSt
- Transcribing agency: OSt
150 ## - HEADING--TOPICAL TERM
- Topical term or geographic name entry element: Covid-19, Defence sector, DPSUs, Slowbalisation, Washington consensus, Indian Economy.
670 ## - SOURCE DATA FOUND
- Source citation: Work cat.: (OSt): Dash, J.P. and Dash, Anuraag 48952, Rethinking policy reforms for Indian defence sector in post Covid-19 pandemic period
